Malý rečník sbierka primeraných básničiek pre slovenskú mládež k cvičeniu k prednášaní a krasorečnení menovite k potrebe národních škôl

Podrobná bibliografia
Korporatívny autor: Škarnicel, Jozef (Skalica, Slovensko) (Tlačiar)
Ďalší autori: Škranicel, Jozef, 1804-1877 (Tlačiar), Matzenauer, František Otto, 1845-1901 (Zostavovateľ, kompilátor)
Médium: Kniha
Jazyk:slovenčina
Fyzický popis:171, [5] s. 14 cm
Vydavateľské údaje: V Skalici Tlačou a nákladom Jozefa Škranicla 1873
Predmet:

MARC

LEADER 00000cam a2200000 a 4500
001 vtls001452080
003 SK-MaSNL
005 20260301163114.0
008 240226s1873 xo 0 0 m slo
015 |a SNBHFA1873 
035 |a SNK000407387 
035 |a urn:nbn:sk:snk-am3hhsq 
035 |a ED4910F2-A643-477D-9E7F-0A4E5CC5DFF2 
035 |a urn:nbn:sk:snk-am00d0sw 
040 |a SNK  |b slo  |c SNK  |e AACR2 
041 |a slo 
044 |a xo  |c SK 
072 7 |a 821.162.4-1  |x Slovenská poézia  |2 konspekt 
080 |a 821.162.4-1  |2 2011 
080 |a 094  |2 2001 
080 |a (075)  |2 2001 
130 0 |a Malý  |9 471544 
245 1 0 |a Malý rečník  |b sbierka primeraných básničiek pre slovenskú mládež k cvičeniu k prednášaní a krasorečnení menovite k potrebe národních škôl  |c sostavil F. Otto Matzenauer, professor na kráľ. učiteľskej prípravovni v Trnave a redaktor časopisu "Konf. Škola" 
260 |a V Skalici  |b Tlačou a nákladom Jozefa Škranicla  |c 1873 
300 |a 171, [5] s.  |c 14 cm 
561 |a Proveniencia: Rkp. exlibris: Fedor Ormis -- Peč. Fedor Ormis  |5 SVKBB: svkbbO 2625 
563 |a Väzba poškodená  |5 SVKPO: MMA 3556 
650 0 7 |a literárna výchova  |2 SNKPH  |9 1653 
650 0 7 |a slovenská poézia  |2 SNKPH  |9 215422 
650 0 7 |a literatúra pre deti a mládež  |2 SNKPH  |9 21893 
700 1 |a Škranicel, Jozef,  |d 1804-1877  |4 pbl  |4 prt  |9 528646 
700 1 |a Matzenauer, František Otto,  |d 1845-1901  |4 com  |9 114855 
710 0 |a Škarnicel, Jozef (Skalica, Slovensko)  |4 pbl  |4 prt  |9 271317 
852 |a Štátna vedecká knižnica v Banskej Bystrici 
852 |a SNK  |p SE 12 
958 |a ONDV 
999 |c 815697  |d 817627 
952 |a SNK  |b SNK  |y PREZ  |7 0  |p 17A0731103  |o snkSE 12  |i snk193/27  |0 0  |1 0  |4 0  |d 2011-11-07  |f 1  |l 0  |r 2026-02-24 02:49:31  |w 2026-02-24 
952 |a SNK  |b SNK  |y PREZ  |7 0  |p 17A0495382  |o snkSE 12 D2  |i snkD 635/64  |z R.1873  |0 0  |1 0  |4 0  |d 2006-01-25  |l 0  |r 2026-02-24 02:49:31  |w 2026-02-24 
952 |a SNK  |b SNK  |y PREZ  |7 0  |p 17A0379416  |o snkSE 12 D1  |i snkKSF 4122/57  |8 5  |z R. 1873  |0 0  |1 0  |4 0  |d 2003-04-10  |l 0  |r 2005-01-02 00:00:00  |w 2026-02-24 
952 |a SNKLM  |b SNKLM  |y NEVYP  |7 0  |o snklmMK 1611  |i snklm498/79  |8 7  |0 0  |1 0  |4 0  |d 2005-08-02  |l 0  |r 2026-02-24 02:49:32  |w 2026-02-24